United Airlines Destinations - Statistics

General Stats
  • This quiz has been taken 132 times
  • The average score is 180 of 359
Answer Stats
Country Destination % Correct
Mexico Mexico City
91%
United Kingdom London
87%
Spain Barcelona
86%
United States Chicago
86%
Australia Sydney
86%
New Zealand Auckland
85%
China Beijing
85%
France Paris
85%
Italy Rome
85%
Japan Tokyo
85%
Netherlands Amsterdam
84%
Greece Athens
84%
United States Los Angeles
84%
United States San Francisco
84%
Spain Madrid
83%
China Shanghai
83%
Canada Toronto
83%
Germany Berlin
82%
United States Dallas/Fort Worth
82%
United States Denver
82%
United Arab Emirates Dubai
82%
Germany Frankfurt
82%
Portugal Lisbon
82%
Philippines Manila
82%
United States New York
82%
Mexico Cancun
81%
United States Houston
81%
Japan Osaka
81%
Australia Brisbane
80%
Ireland Dublin
80%
Australia Melbourne
80%
Panama | United States Panama City
80%
United States Portland (ME)
80%
United States Portland (OR)
80%
Taiwan Taipei
80%
Canada Vancouver
80%
United States Atlanta
79%
United States Austin
79%
Colombia Bogota
79%
United States Miami
79%
Costa Rica | United States San Jose
79%
Belgium Brussels
78%
South Africa Cape Town
78%
Germany Munich
78%
United States Newark
78%
Chile Santiago de Chile
78%
South Korea Seoul
78%
Switzerland Zurich
78%
Ghana Accra
77%
United States Las Vegas
77%
Italy Milan
77%
United States Orlando
77%
United States Phoenix
77%
United States Seattle/Tacoma
77%
Italy Venice
77%
United States Washington
77%
Argentina Buenos Aires
76%
United States Detroit
76%
Canada Edmonton
76%
Canada Montreal
76%
Brazil Rio de Janeiro
76%
United States San Diego
76%
Singapore Singapore
76%
United States Tampa
76%
United States Boston
74%
United States Cleveland
74%
Cuba Havana
74%
United States Honolulu
74%
United States Jackson
74%
Portugal Porto
74%
Canada Calgary
73%
China Hong Kong
73%
Peru Lima
73%
Canada Ottawa
73%
United States Philadelphia
73%
Brazil Sao Paulo
73%
United Kingdom Edinburgh
72%
India New Delhi
72%
Puerto Rico San Juan
72%
United States Manchester
71%
United States Albuquerque
70%
United States Birmingham
70%
United States Cincinnati
70%
Israel Tel Aviv
70%
Aruba Aruba
69%
United States Charlotte
69%
Guam Guam
69%
South Africa Johannesburg
69%
Nigeria Lagos
69%
Sweden Stockholm
69%
United States Columbus
68%
United States El Paso
68%
Mexico Guadalajara
68%
France Nice
68%
United States Pittsburgh
68%
Iceland Reykjavik
68%
Guatemala Guatemala City
67%
United States Nashville
67%
Ecuador Quito
67%
United States Baltimore
66%
Italy Naples
66%
United States Buffalo
65%
United States Fort Lauderdale
65%
United States Jacksonville
65%
United States Memphis
65%
Greenland Nuuk
65%
United States Salt Lake City
65%
United States Albany
64%
Belize Belize City
64%
New Zealand Christchurch
64%
Switzerland Geneva
64%
United States Kansas City
64%
Canada Quebec City
64%
United States Sacramento
64%
Dominican Republic Santo Domingo
64%
United States St. George
64%
United States St. Louis
64%
Colombia Medellin
63%
United States Monterey
63%
Mexico Monterrey
63%
Bermuda Bermuda
62%
United States Boise
62%
United States Colorado Springs
62%
United States Indianapolis
62%
United States Minneapolis
62%
United States New Orleans
62%
United States Oklahoma City
62%
United States San Antonio
62%
El Salvador San Salvador
62%
United States Tucson
62%
Canada Winnipeg
62%
United States Charleston (SC)
61%
United States Charleston (WV)
61%
Canada Halifax
61%
United States Omaha
61%
United States Reno
61%
United States Santa Fe
61%
Senegal Dakar
60%
Morocco Marrakech
60%
United States Raleigh/Durham
60%
United States Spokane
60%
United States Anchorage
59%
United States Eugene
59%
Spain Malaga
59%
United States Milwaukee
59%
Philippines Cebu
58%
Portugal Faro
58%
Nicaragua Managua
58%
Ireland Shannon
58%
Mongolia Ulaanbaatar
58%
United States Billings
57%
Curacao Curacao
57%
United States Fort Myers
57%
Dominican Republic Punta Cana
57%
Sint Maarten Sint Maarten
57%
United States Amarillo
56%
United States Fresno
56%
Guyana Georgetown
56%
United States Louisville
56%
United States Springfield/Branson
56%
United States Wichita
56%
Spain Bilbao
55%
United States Des Moines
55%
United States Duluth
55%
United States Key West
55%
Japan Nagoya
55%
Barbados Bridgetown
54%
Croatia Dubrovnik
54%
United States Mobile
54%
Jamaica Montego Bay
54%
Trinidad & Tobago Port of Spain
54%
United States Rochester
54%
St. Kitts & Nevis Saint Kitts
54%
United States Savannah
54%
United States Akron
53%
United States Burlington
53%
United States Aspen
52%
United States Baton Rouge
52%
Dominica Dominica
52%
Italy Palermo
52%
Spain Palma de Mallorca
52%
St. Lucia Saint Lucia
52%
Mexico Acapulco
51%
United States Bismarck
51%
United States Bozeman
51%
United States Dayton
51%
United States Fargo
51%
United States Hartford
51%
United States Knoxville
51%
United States Santa Barbara
51%
United States Sioux Falls
51%
United States Tulsa
51%
United States Asheville
50%
United States Cheyenne
50%
United States Lincoln
50%
United States Little Rock
50%
United States Providence
50%
United States Madison
49%
United States Ontario
49%
Mexico San Jose del Cabo
49%
United States Santa Ana
49%
United States Grand Rapids
48%
United States Lexington
48%
United States Palm Springs
48%
United States Fairbanks
47%
Mexico Puerto Vallarta
47%
United States Vail/Eagle
47%
Portugal Funchal
46%
United States Green Bay
46%
Costa Rica Liberia
46%
Canada Regina
46%
United States Burbank
45%
United States Greensboro
45%
U.S. Virgin Islands Saint Thomas
45%
Spain Tenerife
45%
United States Fayetteville
44%
United States Fort Wayne
44%
Antigua & Barbuda St. John's
44%
United States Arcata/Eureka
43%
United States Harrisburg
43%
United States Helena
43%
Mexico Aguascalientes
42%
United States Allentown
42%
United States Columbia
42%
United States Kahului
42%
United States Norfolk
42%
United States Richmond
42%
United States Sarasota
42%
Netherlands Bonaire
41%
United States Gulfport/Biloxi
41%
United States Huntsville
41%
United States McAllen
41%
United States Pensacola
41%
United States Redmond/Bend
41%
United States Shreveport
41%
United States Appleton
40%
United States Bangor
40%
United States Cedar Rapids
40%
Taiwan Kaohsiung
40%
Mexico Leon
40%
Marshall Islands Majuro
40%
United States Missoula
40%
Mexico Oaxaca
40%
Turks & Caicos Islands Providenciales
40%
United States Bakersfield
39%
United States Brownsville
39%
Mexico Cozumel
39%
Cayman Islands Grand Cayman
39%
United States Greenville/Spartanburg
39%
United States Chattanooga
38%
United States Lihue
38%
United States Grand Junction
37%
Palau Koror
37%
Mexico Merida
37%
Mexico Puebla
37%
United States Redding
37%
Honduras San Pedro Sula
37%
United States Syracuse
37%
United States Wilmington
37%
United States Durango
36%
United States Flint
36%
Mexico Tulum
36%
United States Charlottesville
35%
Mexico Ixtapa/Zihuatanejo
35%
United States Peoria
35%
Mexico Veracruz
35%
Puerto Rico Aguadilla
34%
United States Great Falls
34%
Dominican Republic Puerto Plata
34%
United States Laredo
33%
United States Lubbock
33%
United States Midland
33%
United States Roanoke
33%
United States Traverse City
33%
United States West Palm Beach
33%
Micronesia Chuuk
32%
United States Medford
32%
United States Corpus Christi
31%
United States Ithaca
31%
United States Jackson Hole
31%
United States Nantucket
31%
United States South Bend
31%
United States Casper
30%
United States Hayden
30%
United States Myrtle Beach
30%
United States Rapid City
30%
Honduras Roatan
30%
France Tahiti
30%
United States San Luis Obispo
29%
United States Laramie
28%
United States Minot
28%
United States Moline
28%
Portugal Ponta Delgada
28%
United States Sioux City
28%
United States Idaho Falls
27%
Micronesia Pohnpei
27%
United States Hilton Head Island
26%
United States Kalispell
26%
Mexico Queretaro
26%
United States Eau Claire
24%
United States Kailua-Kona
24%
United States Montrose
24%
Mexico Morelia
24%
United States Joplin
23%
United States Lafayette
22%
United States Prescott
22%
United States Victoria
22%
Micronesia Yap
22%
United States Farmington
20%
United States State College
20%
United States Butte
18%
United States Pasco
18%
United States Harlingen
17%
Micronesia Kosrae
17%
United States Rock Springs
17%
United States Dodge City
16%
United States Fort Dodge
16%
United States Gillette
15%
United States Decatur
14%
United States Lake Charles
14%
Mexico Manzanillo
14%
United States Morgantown
13%
Mexico San Luis Potosi
13%
United States Bishop
12%
Mexico Puerto Escondido
12%
United States Sault Sainte Marie
12%
United States Cody
11%
United States Hailey/Sun Valley
11%
United States Hattiesburg/Laurel
11%
United States Meridian
11%
United States Saginaw
11%
United States Gunnison
10%
Dominican Republic Santiago de los Caballeros
10%
Mexico Tampico
10%
United States Wilkes-Barre
10%
United States Dickinson
9%
United States Hobbs
9%
United States Jamestown
9%
United States North Bend
9%
United States Scottsbluff
9%
United States Kearney
8%
United States Liberal
8%
United States North Platte
8%
United States Salina
8%
United States Sheridan
8%
United States West Yellowstone
8%
United States Johnstown
7%
United States Hays
6%
United States Devils Lake
5%
United States Houghton
5%
United States Riverton
5%
Northern Mariana Islands Saipan Island
5%
Honduras Comayagua
4%
Marshall Islands Kwajalein Island
4%
United States Mason City
3%
United States Rhinelander
3%
United States Pellston
1%
No matching quizzes found
Score Distribution
Percent of People with Each Score
Percentile by Number Answered
Your Score History
You have not taken this quiz